00480 2200193 4500001002100000005001500021008004100036020002200077035001900099041000700118082000800125090001400133100002100147245001400168260004200182300002100224650002200245990001900267INLIS00000000000328020241224112707241224||||||||| | ||| |||| || |  a978-979-22-4307-9 0010-1224003280 aid0 a813 a813 KAD k0 aCynthia Kadohata00aKira-Kira aJakartabGramedia Pustaka Utamac2009 a200 hlm. ; 20 cm 0aIlmu Kesusastraan a05.17.01.01.10